Responses for show #4580 - Friday, July 2, 2004

Ken Jennings game 23.

Contestants

[<< previous game]

Mary Ann Eitler, a geologist from Alexandria, Virginia

Judy MacLeod Reardon, a music store manager from Canton, Georgia

Ken Jennings, a software engineer from Salt Lake City, Utah (whose 22-day cash winnings total $737,760)

[next game >>]

Jeopardy! Round responses

FAMOUS AMERICANS
IN A MUSICAL MOOD
20th CENTURY FOOD
DID WE PLANET THAT WAY?
JULY
4
(Alex: ...in honor of the great American holiday.)
    $200 11
Gates

Ken
    $200 16
(Alex: Yes. Henry VIII.)

"Greensleeves"

Ken
    $200 21
cans

Ken
    $200 26
Mercury

Ken
    $200 1
Henry Ford

Ken
    $200 6
winter, spring, summer & fall

Ken
    $400 12
Clinton

Ken
    $400 17
"Happy Days Are Here Again"

Mary Ann
    $400 22
Hamburger Helper

Judy
    $400 28
(Mary Ann: What is Neptune?)

Uranus

KenMary Ann
    $400 2
Ringo

Ken
    $400 7
a suit

Ken
    $600 13
George Gershwin

Ken
    $600 18
(Mary Ann: What is [*], the rain is gone?)
(Alex: ...Yep.)

"I Can See Clearly Now"

Mary Ann
    $600 23
Häagen-Dazs

Ken
    $600 27
Pluto

Judy
    $600 3
Alexandre Dumas

Ken
    $600 8
(Ken: What is rushing, passing, receiving and... uh... defensively?)

rushing, pass receiving, punt return & kickoff return

Ken
Triple Stumper
    $800 14
Huey Long

Ken
    $800 19
(Ken: Who is Rachmaninov?)

Tchaikovsky

KenJudy
    $800 24
Crisco

Ken
    $3,600 29
(Alex: You want me to wa--make the wager for you? I feel as if I know you so well. Go again.)
(Ken: I don't want to trouble you. Uh, let's do $3,600.)
...
(Ken: What is Saturn?)
[The end-of-round signal sounds.]

Jupiter

Ken
    $800 4
Hammerstein

Ken
    $800 9
time

Ken
    $1000 15
William F. Buckley, Jr.

Triple Stumper
    $1000 20
(Mary Ann: What is [*] again?)
(Alex: Yes.)

"When Johnny Comes Marching Home"

Mary Ann
    $1000 25
Pillsbury

Mary Ann
    $1000 5
[Applause for Ken's run of the category]

Petrarch

Ken
    $1000 10
(Alex: You got it. 4-H club.)

head, heart, health & hands

Ken

Scores at the first commercial break (after clue 12):

Ken Judy Mary Ann
$5,400 $0 $0

Scores at the end of the Jeopardy! Round:

Ken Judy Mary Ann
$4,800 $1,800 $2,600

Double Jeopardy! Round responses

RONALD REAGAN
"SUMMER" FUN
STRICTLY BUSINESS
NEGATIVE THOUGHTS
AROUND NEW YORK
IN THE DICTIONARY
    $400 6
(Ken: What is acting?)

governor of California

KenMary Ann
    $400 21
(Mary Ann: What are the Olympics?)
[Originally accepted as correct; reversed at the end of the round because "summer" must appear in each correct response according to the category.]

the Summer Olympics

Mary Ann
Triple Stumper
    $400 26
a rebate

Mary Ann
    $400 11
be not proud

Ken
    $400 1
Coney Island

Ken
    $400 12
row

Ken
    $800 7
General Electric

Mary Ann
    $800 22
the "Theme From A Summer Place"

Ken
    $800 17
quarter

Ken
    $800 2
Harlem

Mary Ann
    $800 13
(Ken: What's a kangaroo?)
(Mary Ann: What's a wallaby?)

a sheep

KenMary Ann
Triple Stumper
    $1200 8
a ranch

Mary Ann
    $1200 23
Suddenly, Last Summer

Ken
    $1200 29
[The end-of-round signal sounds.]

closing costs

Ken
    $1200 18
never

Triple Stumper
    $1200 3
the Flatiron Building

Ken
    $1200 14
a locomotive

Mary Ann
    $3,000 9
Gorbachev

Mary Ann
    $1600 24
Endless Summer

Ken
    $1600 28
copyrights

Ken
    $1600 19
(Ken: What is Iron Curtain?)
...
(Mary Ann: [Enthusiastically, upon taking the lead from Ken] Yes!)

no comment

KenMary Ann
    $1600 4
the Garment District

Ken
    $1600 15
vulgar

Ken
    $2000 10
(Mary Ann: What is Where's the Rest of Me?)
(Ken: What is... The Killers?)
...
(Alex: Mary Ann, he spoke those words, "Where's the rest of me?", in the film [*].)

Kings Row

KenMary Ann
Triple Stumper
    $2000 25
Summertime

Ken
    $2000 27
Chapter 11

Ken
    $2000 20
(Ken: [After taking the lead back] Whew!)

second acts

Ken
    $2,000 5
(Ken: Well, I pooched that last one, so let's do $2,000.)
(Alex: Okay, the past is no indication of the future on our program, as you well know.)

the Cloisters

Ken
    $2000 16
(Ken: What's a parry?)
(Mary Ann: What is touché?)
(Judy: What is joust?)

riposte

KenJudyMary Ann
Triple Stumper

Scores at the end of the Double Jeopardy! Round:

Ken Judy Mary Ann
$18,800 -$200 $6,800
(lock game)

[wagering suggestions for these scores]

Final Jeopardy! Round responses

SPORTS HEROES
(Alex: So, he winds up with his lowest winning total, $17,600. And he now has $755,360. Most impressive. He'll get to relax for the weekend and come back and play again on Monday. You relax and do the same. Take care.)
Mary AnnWho is Jackie Robinson?
$6,800
KenWho is Ted Williams?
$1,200
Jackie Robinson

Final scores:

Ken Judy Mary Ann
$17,600 -$200 $13,600
23-day champion: $755,360 3rd place: $1,000 2nd place: $2,000

Game dynamics:

Coryat scores:

Ken Judy Mary Ann
$22,400 -$200 $5,400
35 R
(including 1 DD),
8 W
(including 1 DD)
3 R,
1 W
12 R
(including 1 DD),
5 W

Combined Coryat: $27,600

The J! Archive is created by fans, for fans. The Jeopardy! game show and all elements thereof, including but not limited to copyright and trademark thereto, are the property of Jeopardy Productions, Inc. and are protected under law. This website is not affiliated with, sponsored by, or operated by Jeopardy Productions, Inc. Join the discussion at JBoard.tv.